[Event "1st FIDE World Cup final"]
[Site "Shenyang"]
[Date "2000.09.08"]
[Round "1.3"]
[White "Movsesian, Sergei"]
[Black "Milos, Gilberto"]
[Result "1-0"]
[WhiteElo "2666"]
[BlackElo "2633"]
[EventDate "2000.09.07"]
[Annotator "Ribli"]
[PlyCount "77"]

1.e4 c5 2.Nf3 e6 3.d4 cxd4 4.Nxd4 Nc6 5.Nc3 a6 6.Be3 Qc7 7.Bd3 Nf6 8.O-O {
Der tschechische Grosschische meister spielt diese Variante mit beiden 
Farben. Nach dem Textzug spielt er gewsst hnlich 8...h5 mit Schwarz.} 8...
Ne5 9.f4 {Man spielt praktisch immer 9.h3 gegen die Drohung 9...Neg4, auch
9.Nf3 wurde bereits in einigen Partien gespielt.} 9...Neg4 10.Bd2 ( 10.Bc1
Bc5 11.Ne2 ( 11.Be2 h5 12.Bxg4 Nxg4 13.h3 e5 14.Nd5 Qd6 15.c3 exd4 16.cxd4
Ba7 17.hxg4 hxg4 18.Be3 f5 19.Rc1 g3 20.Qf3 Rh1+ {0-1 
Zakurdiaeva,I-Uchitel,S/Moscow 1998/EXT 99 (20)} ) 11...e5 12.h3 exd4 13.
hxg4 Nxg4 14.Ng3 d6 15.Qf3 Qe7 16.Nh5 g6 17.Ng7+ Kf8 18.f5 Qh4 {0-1 
Stenner,P-Heinsohn,W/Germany 1992/EXT 97-B (35)} ) ( 10.Qf3 Nxe3 11.Qxe3 
Bc5 12.Kh1 e5 13.fxe5 Qxe5 14.Nf3 Qxh2+ 15.Nxh2 Bxe3 16.e5 Nh5 17.Rf3 Bh6 
18.Nd5 O-O 19.g4 {1-0 Toledano,M-Cacho Reigadas,S/Ponferrada 1992/EXT 2000
(45)} ) 10...Bc5 11.Ne2 d6 ( 11...e5 {Es scheint, als sollte Schwarz mit 
diesem Zug sofort gewinnen, aber nach den hiernach entstehenden 
Komplikationen bekommt Weissmt Vorteil.} 12.fxe5 Qxe5 {[%cal Re5h2,Rc5d4]} 
( 12...Nxe5 $11 ) 13.Bf4 Bxd4+ 14.Kh1 Qc5 15.Nxd4 Qxd4 16.e5 $1 {Das ist 
die Pointe der ganzen weissn en Spielweise.} 16...Nf2+ ( 16...Nxe5 17.Bxe5 
Qxe5 18.Re1 d6 19.Rxe5+ dxe5 20.Qe2 $16 ) 17.Rxf2 Qxf2 18.exf6 Qxf4 ( 
18...gxf6 19.Qg4 $44 ) ( 18...d5 19.fxg7 Rg8 20.Qe1+ Qxe1+ 21.Rxe1+ Be6 
22.Bh6 $16 ) 19.Qe1+ Kd8 20.Qa5+ Qc7 21.fxg7 $18 {Cvitan} ) 12.h3 e5 ( 
12...Bxd4+ 13.Nxd4 e5 $13 ) 13.c3 $1 $146 {Was für ein Zug! Ich vermute, 
dass Weisste, diese ganze Idee in der häuslichen Analyse entwickelt hat. Er
kennt keine Furcht vor der Fesslung auf der Diagonale a7-g1.} ( 13.Kh1 
exd4 14.hxg4 Bxg4 15.Qe1 Bb6 16.Ng1 O-O-O 17.Nf3 Rde8 18.c3 dxc3 19.Rc1 
Kb8 20.Rxc3 Qd8 {0-1 Toma,K-Sammul,M/Wisla 1998/EXT 2000 (33)} ) 13...Ba7 
{Meiner Meinung nach wäre das Schlagen des Springers der Partiefortsetzung
vorzuziehen.} ( 13...exd4 $142 $5 14.cxd4 Ba7 15.Rc1 ( 15.hxg4 Bxg4 16.Be3
( 16.Bc3 d5 $15 ) 16...d5 $13 ( 16...Nxe4 17.Bxe4 Qe7 $13 ) ) 15...Qe7 16.
Qc2 O-O 17.hxg4 Re8 $15 ) 14.hxg4 Bxg4 ( 14...exd4 15.Nxd4 Bxg4 16.Qc2 $14
) 15.Be3 exd4 16.Bxd4 {Das macht einen gross en Unterschied: Jetzt kann der
Läufer auf d4 nehmen, nach 13...cxd4 wäre das nicht mssht glich gewesen.} (
16.cxd4 $6 d5 $13 ( 16...Nxe4 17.Bxe4 Qe7 $13 ) ) 16...O-O ( 16...Bxd4+ 
17.cxd4 Bxe2 ( 17...Qb6 $13 ) 18.Qxe2 Qb6 $13 19.Kh1 Qxd4 20.e5 $2 dxe5 
21.fxe5 Qh4+ 22.Kg1 Ng4 $19 ) 17.Bxa7 Rxa7 $11 {WeissF hat die bessere 
Bauernstruktur, aber sein Kssn nigsflügel ist geschwächt. Schwarz hingegen 
hat nur eine kleine Schwäche - den Pd6.} 18.Qd2 Re8 ( 18...Bxe2 $5 19.Qxe2
Re8 $11 ) 19.Ng3 {Der Springer verteidigt den Pe4 und vermeidet den mss 
glichen Abtausch.} 19...Qc5+ 20.Qf2 b6 ( 20...Qxf2+ 21.Kxf2 $14 ) 21.Qd4 
Bc8 ( 21...Qxd4+ 22.cxd4 $14 ) 22.Rfe1 Rae7 23.Re2 g6 24.Rae1 $14 {
Weisssch. hat das bessere Figurenspiel und Raumvorteil - Schwarz muss in 
der Folge immer mit dem Durchbruch e4-e5 rechnen.} 24...Bb7 25.e5 ( 25.b4 
Qxd4+ 26.cxd4 Rc8 $11 ) 25...dxe5 26.fxe5 Qc6 $2 {Dieser Zug wirkt ein 
wenig märchenhaft - indirekt hat Schwarz nun Drohungen gegen das Feld g2.}
( 26...Nd7 $5 $13 ) 27.Be4 ( 27.exf6 $5 Rxe2 28.Rxe2 Rxe2 29.Ne4 $1 Qe8 ( 
29...Rxe4 30.Bxe4 $18 {[%csl Rg8][%cal Rd4d8,Rd8g8,Re4b7]} ) ( 29...Qd5 
30.Bxe2 Qxd4+ 31.cxd4 Bxe4 32.Bxa6 $16 ) 30.Bxe2 Bxe4 31.Bxa6 $18 ) 27...
Nxe4 28.Nxe4 {[%csl Yf6][%cal Re4f6,Rf6e8,Rf6g8] Der Springer steht sehr 
gut auf e4 - besonders wegen des schwachen Feldes f6.} 28...Rc8 ( 28...
Rxe5 29.Nf6+ Qxf6 30.Rxe5 $16 ) 29.Nf6+ Kg7 30.Rf2 ( 30.e6 {[%csl 
Rg7][%cal Rd4g7]} 30...Qc5 $8 31.Ne8+ Kf8 ( 31...Kg8 32.exf7+ Rxf7 33.Nd6 
$18 {[%cal Rd6c8,Rd6f7]} ) 32.Nd6 Rcc7 $13 ( 32...Qxd4+ 33.cxd4 Rd8 34.
Nxb7 Rxd4 ( 34...Rxb7 35.e7+ $18 ) 35.Rc2 fxe6 ( 35...Rxb7 36.e7+ Rxe7 37.
Rc8+ $18 ) 36.Rc8+ Kg7 37.Nd8 $18 ) ) 30...Re6 $6 ( 30...Qe6 $5 ) 31.Qf4 {
[%cal Gf2f7]} 31...Rc7 32.Ng4 $16 {[%csl Rg7][%cal Rf4h6,Rh6g7] Es gibt 
viele schwache Felder am schwarzen Ksswarzen nigsflügel - nun droht das tss 
dliche Schach auf h6.} 32...Rce7 33.Ref1 ( 33.Qh6+ $5 Kg8 34.Rd1 $18 ( 34.
Nf6+ Rxf6 35.exf6 Rxe1+ 36.Kh2 Qd6+ $19 ) ) 33...Kf8 34.Qh6+ Ke8 35.Nf6+ (
35.Qxh7 Kd7 36.Rd2+ Kc8 37.Rxf7 ) 35...Kd8 36.Qf8+ Kc7 37.Rd1 $18 {[%cal 
Rf8d8,Rd8c7] Droht einzügiges Matt auf e8.} 37...Re8 38.Nxe8+ Rxe8 39.Qd6+
1-0

[Event "1st FIDE World Cup final"]
[Site "Shenyang"]
[Date "2000.09.10"]
[Round "2.2"]
[White "Gelfand, Boris"]
[Black "Anand, Viswanathan"]
[Result "1/2-1/2"]
[WhiteElo "2681"]
[BlackElo "2762"]
[EventDate "2000.09.07"]
[Annotator "Gelfand,B"]
[PlyCount "75"]

1.d4 {.} 1...Nf6 2.c4 e6 3.g3 d5 4.Nf3 Be7 5.Bg2 O-O 6.O-O dxc4 7.Qc2 a6 
8.a4 Bd7 9.Qxc4 Bc6 10.Bg5 a5 11.Nc3 Na6 12.Bxf6 Bxf6 13.e4 Nb4 14.Rfd1 g6
15.Rac1 $1 {N} ( 15.Qe2 ) ( 15.h4 Rc8 16.Rd2 Bg7 17.Rad1 $14 {1-0 Lputian,
S-Polgar,J/Wijk aan Zee 2000} ) 15...Re8 ( 15...Rc8 16.Ne1 Bg7 17.Nc2 Nxc2
18.Rxc2 Qe7 19.b3 Rfd8 20.Rcd2 Be8 $14 ) 16.d5 ( 16.Ne1 $5 $14 ) 16...exd5
17.exd5 Bd7 18.Nd4 Rc8 $2 ( 18...Be5 $1 19.Ncb5 Rc8 20.Nc6 bxc6 21.dxc6 
Be6 $5 ( 21...Re7 $5 ) 22.Rxd8 Rcxd8 23.Qe2 Bb3 $44 ) ( 18...Qb8 {Shipov,S
} 19.Nb3 $1 ( 19.Ndb5 Bxb5 ( 19...c6 20.dxc6 Bxc6 21.Nd6 Re7 ( 21...Re6 
22.Nce4 Bxe4 23.Nxe4 Bxb2 24.Rb1 Bg7 25.Rd7 $40 ) ) 20.Qxb5 Re7 $11 ) ( 
19.Ne4 Bg7 $5 ( 19...Be5 20.Nc5 Bg4 21.Re1 Qc8 22.Nxb7 $1 ) 20.Qxc7 ( 20.
Nc5 Bg4 21.Rd2 ) 20...Qxc7 21.Rxc7 Bg4 22.Rd2 Rad8 $44 {Shipov,S} ) 19...
Bg5 ( 19...Bxa4 20.Nxa4 b5 21.Qxc7 bxa4 22.Nd4 $14 ) 20.Ra1 Bf5 21.Nd4 Bg4
22.Nf3 Bxf3 23.Bxf3 $14 ) 19.Ne4 $1 Be5 ( 19...Bxa4 20.b3 ( 20.Ne6 Qe7 ( 
20...fxe6 21.dxe6 Qe7 22.Rd7 Bxd7 23.exd7+ Kh8 24.Nxf6 Qxf6 25.Qe2 $1 Qd8 
26.Qb5 c6 27.dxe8=Q+ Qxe8 28.Qxa5 $16 {Shipov,S} ) 21.b3 fxe6 ( 21...Bb2 
22.Nxc7 Bxc1 23.d6 $1 {Shipov,S} ) 22.Nxf6+ Qxf6 23.bxa4 exd5 24.Bxd5+ 
Nxd5 25.Qxd5+ Kh8 26.Qxb7 Rf8 $11 ) 20...Bxd4 ( 20...Bd7 21.Ne6 ( 21.Nc6 
bxc6 22.dxc6 Bxc6 23.Rxd8 Bxd8 24.Rd1 $16 ) 21...fxe6 ( 21...Qe7 22.Nxc7 )
22.dxe6 Bxe6 23.Rxd8 Bxd8 24.Qd4 $16 ) 21.Qxd4 Rxe4 22.Bxe4 Bxb3 23.Rd2 
Qd6 24.Qa7 $1 b6 ( 24...c5 25.Qxb7 Re8 26.Re2 $1 ( 26.Bf3 c4 27.Qb5 Ra8 ) 
26...Kf8 27.Qa7 $16 ) ( 24...Re8 25.Bf3 c6 ( 25...Na2 26.Rxa2 Bxa2 27.Qxa5
Qa6 ( 27...Bb3 28.Qb5 ) 28.Qxc7 $16 ) 26.Qxb7 $16 ) 25.Qb7 Re8 26.Qxc7 
Qxc7 27.Rxc7 Rxe4 28.d6 Be6 29.d7 Bxd7 30.Rdxd7 $18 ) 20.Nc5 b6 21.Nc6 $1 
( 21.Nde6 Qe7 22.Nxd7 Qxd7 23.Bh3 Qe7 ) 21...Bxc6 22.dxc6 bxc5 $1 ( 22...
Qe7 23.Rd7 Qf8 24.Ne4 Bxb2 25.Rcd1 $16 ) ( 22...Qf6 23.Nd7 ( 23.Ne4 Qe6 ) 
23...Qe6 24.Nxe5 ( 24.Qxe6 Rxe6 25.Bh3 $1 ( 25.Nxe5 Rxe5 26.Rd7 Na6 ( 
26...Kf8 27.Bh3 ) 27.Bd5 Nc5 28.Bxf7+ Kf8 $132 ) 25...f5 26.Bf1 $16 ) 
24...Qxe5 25.Bh3 Rcd8 26.Rd7 $16 ) 23.Rxd8 Rcxd8 24.Re1 $1 ( 24.Bh3 $6 
Bxb2 25.Rb1 Rd2 $132 ) 24...Bd4 25.Rxe8+ Rxe8 26.Qb5 ( 26.Bf3 Re1+ ( 26...
Re6 $5 ) 27.Kg2 Rb1 ) 26...Kg7 $1 ( 26...Re1+ 27.Bf1 Rb1 ( 27...Re6 28.
Qxa5 Nxc6 ( 28...Rxc6 29.Kg2 ) 29.Qa8+ Kg7 30.Kg2 $18 ) 28.Qxa5 ( 28.Qb8+ 
Kg7 29.Qxc7 Rxb2 ) 28...Rxb2 29.Qxc7 Kg7 30.Bb5 Rxf2 31.Kh1 Nd5 32.Qd8 Ne3
33.c7 Rc2 34.h4 Ng4 35.Qf8+ Kxf8 36.c8=Q+ Kg7 37.Qxg4 $18 ) 27.Qxa5 $6 ( 
27.Bf3 Re6 28.Kg2 c4 29.Qxa5 Nd3 ) ( 27.Kf1 $1 Re5 $3 ( 27...c4 28.Qxa5 ( 
28.Qxc4 Bb6 $16 ) 28...Nd3 29.Bd5 Re5 30.Qa6 $1 $18 ) ( 27...Nc2 28.Bd5 
Re5 29.Bc4 ( 29.Qxa5 $5 Rxd5 30.Qxc7 ) ) 28.f4 ( 28.Qxa5 Nd3 29.Bf3 Rf5 ) 
( 28.Bf3 Rf5 29.Kg2 c4 30.Qxc4 Bb6 31.g4 $16 ) 28...Re3 29.Qxa5 Nc2 ( 
29...Rb3 30.Qxc7 Rxb2 31.Be4 ) ( 29...Nd3 30.b3 c4 31.bxc4 Re1+ 32.Qxe1 
Nxe1 33.Kxe1 $18 ) 30.Bd5 Re1+ 31.Qxe1 ( 31.Kg2 Re2+ 32.Kh3 Bg1 $132 ) 
31...Nxe1 32.Kxe1 Bxb2 $16 ) 27...Re2 28.Qxc7 Rxf2 29.Kh1 ( 29.h4 $6 Nd3 
30.Qd8 Rd2+ 31.Kh2 Rd1 32.Bd5 Rd2+ $11 ) 29...Nd3 30.Qd8 $2 ( 30.Bd5 $1 
Ne5 ( 30...Ne1 31.Qxf7+ Rxf7 32.Bxf7 Be5 33.a5 $18 ) 31.h4 $3 ( 31.a5 Ng4 
32.Qxf7+ Rxf7 33.Bxf7 Nf2+ 34.Kg2 Ne4 35.c7 ( 35.a6 c4 36.Bxc4 Nd6 ) 35...
Nd6 36.a6 c4 37.Be6 Kf6 38.c8=Q Nxc8 39.Bxc8 Ke5 40.Kf3 Kd6 41.Kf4 Kc7 42.
Be6 h6 43.Bxc4 Bxb2 44.Bf7 g5+ 45.Kg4 Kb6 46.Bc4 Bd4 47.Kh5 Bg1 48.h3 Be3 
49.g4 Bf2 50.Kxh6 Bh4 $11 ) ( 31.Qc8 h5 $1 ( 31...f5 32.Qg8+ $1 ( 32.Qb7+ 
Kh6 33.c7 Rf1+ 34.Kg2 Rg1+ 35.Kh3 g5 36.Bf3 g4+ 37.Bxg4 Nd3 $3 38.Qf3 
fxg4+ $132 ) ( 32.c7 Rf1+ 33.Kg2 Rf2+ 34.Kh3 Ng4 ) 32...Kh6 33.Qf8+ Kh5 
34.Qe7 $18 ) 32.c7 ( 32.Qa6 Ng4 33.Bg2 Rxb2 34.h3 Rb1+ 35.Bf1 Ne5 $132 ) (
32.h3 Rf1+ 33.Kh2 Rf2+ 34.Bg2 Rxb2 ) 32...Ng4 33.Qxg4 Rf1+ ( 33...hxg4 34.
h4 ) 34.Kg2 Rf2+ $11 35.Kh3 $2 hxg4+ 36.Kxg4 f5+ 37.Kh3 g5 38.g4 Be5 $19 )
31...h5 ( 31...Ng4 32.Bg2 h5 33.Qf4 $3 Rxf4 34.gxf4 Nf2+ 35.Kh2 Be3 36.a5 
$1 ( 36.Kg3 Nd3 $1 37.Kf3 Bxf4 38.Bf1 c4 39.Bxd3 cxd3 40.a5 g5 $11 ) 36...
Bxf4+ 37.Kg1 Nd3 38.a6 $18 ) 32.a5 Ng4 ( 32...Rxb2 33.a6 Rb1+ 34.Kg2 Rb2+ 
35.Kh3 $18 ) ( 32...Rf1+ 33.Kg2 Rf2+ 34.Kh3 Re2 35.Qe7 $18 ) 33.Qxf7+ Rxf7
34.Bxf7 Nf2+ 35.Kg2 ( 35.Kh2 Ne4 ) 35...Ne4 36.c7 Nd6 37.a6 c4 38.Be6 ( 
38.Bxc4 Kf6 39.Kf3 Ke7 ) 38...Kf6 39.c8=Q Nxc8 40.Bxc8 $18 Ke5 41.Bd7 Ke4 
42.Be8 Kf5 43.Kf3 $18 ) ( 30.Be4 Ne5 31.Qc8 ( 31.h3 {Shipov,S} 31...Rf1+ 
32.Kh2 Rf2+ 33.Bg2 Rxb2 ( 33...Nf3+ $2 34.Kh1 Ne1 35.Qf4 $1 Rxg2 36.Qf1 
$18 ) 34.g4 Nd3 35.Qg3 ( 35.Qd6 $2 Ne1 $1 ) 35...Rb1 36.Bh1 ( 36.Qxd3 Be5+
37.Qg3 Bxg3+ 38.Kxg3 Rb8 39.a5 Rc8 $1 40.a6 Rc7 ) 36...Rb2+ $11 {Shipov,S}
) 31...f5 ( 31...h5 32.c7 Ng4 ) ) 30...Rc2 $1 ( 30...Rxb2 31.c7 Rb1+ ( 
31...Nf2+ 32.Kg1 Ng4+ 33.Qxd4+ cxd4 34.c8=Q Rb1+ 35.Bf1 Ne3 36.Qa6 Kf8 37.
a5 Ke7 ( 37...Rxf1+ 38.Qxf1 Nxf1 ) 38.Kf2 Rxf1+ 39.Qxf1 Nxf1 40.a6 $18 ) 
32.Bf1 Rxf1+ 33.Kg2 Rg1+ 34.Kf3 ( 34.Kh3 Nf2+ 35.Kh4 Rg2 36.Qxd4+ cxd4 37.
c8=Q h6 ) 34...Ne5+ 35.Ke4 Nc6 36.a5 Ra1 37.Qd6 $16 ) 31.Bf1 ( 31.Bf3 Rc1+
32.Kg2 Rc2+ 33.Kh3 Nf2+ 34.Kh4 Nd3 $1 ( 34...Bf6+ 35.Qxf6+ Kxf6 36.c7 g5+ 
37.Kh5 ) 35.Kh3 $11 ( 35.h3 Rc4 ) ) 31...Nf2+ 32.Kg2 Ng4+ ( 32...Nd3+ $2 
33.Kh3 Nf2+ ( 33...Ne5 34.c7 Nf3 35.c8=Q Ng1+ 36.Kh4 Rxh2+ 37.Bh3 Bf6+ 38.
Qxf6+ Kxf6 39.Qh8+ ) 34.Kh4 Bf6+ 35.Qxf6+ Kxf6 36.c7 $18 ) 33.Kf3 ( 33.Be2
Ne5 $1 ( 33...Rxe2+ 34.Kf3 Rxh2 35.c7 Nf6 36.Qxd4 cxd4 37.c8=Q Rxb2 $132 )
34.c7 Rxe2+ 35.Kf1 ( 35.Kh3 Nf3 36.c8=Q Ng1+ 37.Kh4 Re4+ 38.Qg4 Rxg4+ 39.
Kxg4 Be5 $3 40.a5 h5+ 41.Kh4 Bf6+ 42.Qxf6+ Kxf6 43.a6 Nf3+ 44.Kh3 Ng5+ 45.
Kg2 Ne6 $19 ) 35...Rf2+ 36.Ke1 Nd3+ 37.Kd1 Nxb2+ $11 ) 33...Ne5+ ( 33...f5
34.Qe7+ Kh6 35.Qh4+ Kg7 $11 ) 34.Ke4 Nxc6 35.Qc7 Nb4 36.g4 $6 ( 36.b3 Rf2 
37.Bc4 Kf8 38.Qd8+ Kg7 39.Qe7 Kh6 $11 ) 36...Rf2 37.Bb5 g5 38.a5 ( 38.a5 
Rf4+ 39.Qxf4 gxf4 40.a6 $11 ) 1/2-1/2

[Event "1st FIDE World Cup final"]
[Site "Shenyang"]
[Date "2000.09.10"]
[Round "2.4"]
[White "Gelfand, Boris"]
[Black "Anand, Viswanathan"]
[Result "1/2-1/2"]
[WhiteElo "2681"]
[BlackElo "2762"]
[EventDate "2000.09.07"]
[PlyCount "34"]

1.d4 Nf6 2.c4 e6 3.Nc3 Bb4 4.e3 c5 5.Ne2 cxd4 6.exd4 O-O 7.a3 Be7 8.Nf4 d5
9.cxd5 Nxd5 10.Ncxd5 exd5 11.Bd3 Nc6 12.O-O Bg5 13.Be3 Bxf4 14.Bxf4 Qf6 
15.Be3 Bf5 16.Bb5 a6 17.Bxc6 Qxc6 1/2-1/2

[Event "1st FIDE World Cup final"]
[Site "Shenyang"]
[Date "2000.09.10"]
[Round "2.2"]
[White "Bareev, Evgeny"]
[Black "Milos, Gilberto"]
[Result "1/2-1/2"]
[WhiteElo "2702"]
[BlackElo "2633"]
[EventDate "2000.09.07"]
[Annotator "Golod,V"]
[PlyCount "77"]

1.d4 Nf6 2.c4 e6 3.Nc3 Bb4 4.Qc2 O-O 5.a3 Bxc3+ 6.Qxc3 b6 7.Bg5 h6 8.Bh4 
Ba6 $5 {Besides,black has two principales alternatives:} ( 8...c5 $5 {See 
comments to Kiriakov,P-Tunik,G/Yalta, 1995/CBM 47(1/2-1/2)(Shipov,S)(37)} 
) ( 8...Bb7 $5 {See comments to Georgiev,K-Karpov,A/ Tilburg,1994/CBM 
44(0-1) (Dautov,R)(40)} ) 9.Nf3 ( 9.e3 {(it's main line)} 9...d6 10.Bd3 
Nbd7 11.Ne2 c5 12.b4 {See comments to Vera,R-Morovic 
Fernandez,I/Cienfuegos,1996/CBM 54 (1/ 2-1/2) (Cifuentes,P)(26)} ( 12.O-O 
$143 {See comments to Lima,D-Garcia Ilundain,D /Leon,1996/CBM 54 
(0-1)(Kortschnoj,V)(33)} ) ) 9...d6 ( 9...d5 $143 10.cxd5 exd5 11.Ne5 ( 
11.Rc1 $5 ) 11...Qd6 12.Bxf6 Qxf6 13.g3 ( 13.Qxc7 $4 Rc8 {[%csl Rc7]} ) 
13...c5 $11 {Sokolov,I-Gostisa,L/Maribor,1990(1/2-1/2)(51)} ) 10.Qc2 $5 {
/\e4(in one tempo).} ( 10.e3 Nbd7 11.b4 c5 12.dxc5 bxc5 13.b5 Bb7 14.Be2 
a6 $11 {Elbilia,J-Palac,M/Montpellier,1997(1/2-1/2)(48)} ) 10...Nbd7 $5 
$146 ( {Was checked in the previous game:} 10...c5 $5 11.Rd1 Nbd7 12.dxc5 
Nxc5 13.e3 ( 13.Bxf6 $5 Qxf6 $140 14.b4 ) 13...Bb7 14.Be2 Nce4 15.O-O {
+/=/= Lorscheid,G-Tibensky,R/Pardubice,1999 (1-0)(40)} ) 11.e4 e5 12.Bd3 (
{In my opinion better is:} 12.d5 $5 {() +/=/=} ) 12...exd4 $1 {It's 
absolutely sound positional decision!} 13.Nxd4 Ne5 14.O-O ( {After:} 14.
Be2 {black equalizes:} 14...Bb7 15.f3 $140 Ng6 $11 {[%csl Rh4][%cal 
Gg6h4,Gg6f4]} ) 14...Ng6 $1 ( {Much worse is:} 14...Nxd3 $6 15.Qxd3 {[%csl
Rf6,Gh4]} 15...Bb7 16.f3 $14 ) 15.Bg3 $140 Nh5 {[%csl Rg3]} 16.Rad1 {() 
Now white has a small positional advantage.} 16...Bb7 17.Rfe1 Nxg3 18.hxg3
{+/=/=} 18...Re8 19.Qc3 $6 ( {Can be recommended:} 19.Nb5 $5 {(or 
19.Ne2)/\Nc3(><d5;b5);Bf1 with slight positional advantage of white.} ) 
19...Qf6 {[%csl Rc3,Gf6]} 20.Nb5 $1 {Differently after: 20...h5 and 
21...h4 black has a counterplay.} 20...Qxc3 21.Nxc3 Nf8 {[%cal Gf8e6] Now 
"e6"-ideal point for black's knight.} 22.Bc2 {[%csl Rc7]} 22...Ne6 23.f4 
a5 24.Nd5 $6 {Again positional inaccuracy.} ( {Can be recommended:} 24.Ba4
$5 Red8 25.Nd5 {+/=/=} ) 24...a4 $1 $11 {[%csl Ra3,Ga4,Rb2]} 25.e5 $5 ( {
It deserves attention:} 25.Kf2 $5 {and white's plan is: Re3;Ke1-d2-c3.} ) 
25...dxe5 ( {Pretty dubious:} 25...Bxd5 26.cxd5 Nc5 27.Kf2 $14 ) 26.Rxe5 
Red8 27.f5 $6 ( {From my point of view much better is:} 27.Kf2 $11 ) 27...
Bxd5 ( {After:} 27...Nc5 $2 28.Nxc7 Rxd1+ 29.Bxd1 Rd8 30.Re8+ Rxe8 31.Nxe8
{white has a pawn up.} ) 28.Rexd5 ( {Badly:} 28.cxd5 Nc5 $140 29.Re7 Rac8 
$15 {and now impossibly:} ( 29...Rd7 $2 30.Rxd7 Nxd7 31.d6 $14 ) 30.f6 {in
view of:} 30...gxf6 31.Bf5 $140 Kf8 {=/+/-/+} ) 28...Rxd5 29.cxd5 ( {
After:} 29.Rxd5 $6 Nc5 {black has a positional advantage.} ) 29...Nc5 30.
d6 $1 c6 31.Rd4 Kf8 32.Bd1 Ke8 33.d7+ Nxd7 ( {Badly:} 33...Kd8 {because 
of:} 34.Bf3 {[%csl Rc6]} 34...Nb3 ( 34...Kc7 35.Bxc6 $16 ) 35.Rd6 $14 ) 
34.Bxa4 Ne5 35.Kf2 Ke7 36.Bd1 c5 37.Rd2 Nc4 38.Rc2 Nd6 39.Bf3 ( 39.Bf3 Ra4
40.Re2+ Kf6 41.g4 Rd4 {=/=/+_|_} ) 1/2-1/2

[Event "1st FIDE World Cup final"]
[Site "Shenyang"]
[Date "2000.09.12"]
[Round "3.1"]
[White "Bareev, Evgeny"]
[Black "Anand, Viswanathan"]
[Result "1/2-1/2"]
[WhiteElo "2702"]
[BlackElo "2762"]
[EventDate "2000.09.07"]
[Annotator "Ribli"]
[PlyCount "65"]

1.d4 Nf6 2.c4 e6 3.g3 d5 4.Nf3 Be7 5.Bg2 O-O 6.O-O dxc4 7.Qc2 a6 8.a4 Bd7 
{Das grss. ssss. te Problem der schwarzen Stellung ist die Entwicklung des 
weisscklung feldrigen Läufers. Durch 8.a4 hat Weiss die Entwicklung des 
Läufers mittels b5-Bb7 unterbunden, deshalb wählt Schwarz das Manssrz ver 
8...Bd7 und 9...Bc6.} 9.Qxc4 Bc6 10.Bg5 {Der weissc6. e Plan ist klar - er 
mssr chte Nc3 spielen und nach Bxf6-Bxf6 mit e2-e4 das Zentrum besetzen.} 
10...Bd5 11.Qc2 ( 11.Qc1 Nc6 12.e3 Nb4 13.Bxf6 ( 13.Nc3 a5 14.Rd1 Rc8 {
1/2-1/2 Mikhalevski,V-Khalifman,A/St Petersburg 1999/CBM 72 (14)} ) 13...
Bxf6 14.Nbd2 a5 15.e4 Bc6 16.Qc3 Qd7 17.b3 Rfd8 18.e5 Be7 19.Rfd1 Rac8 20.
Nc4 b6 {0-1 Giardelli,S-Zarnicki,P/Buenos Aires 1995/EXT 97 (27)} ) 11...
Be4 12.Qc1 h6 $5 {Das ist eine interessante Idee - Schwarz forciert von 
sich aus den Tausch des Läufers gegen den Springer.} ( 12...Nc6 13.Nbd2 {
Das ist bislang das letzte Wort in der Variante mit 12.. .Nc6.} ( 13.e3 
Nb4 $5 14.Nc3 Bc6 15.Qb1 ( 15.a5 Rc8 16.Rd1 Bxf3 17.Bxf3 Nfd5 18.Bxe7 Qxe7
19.Na4 b6 20.Qd2 Rb8 21.Rdc1 Rfd8 22.Nc3 Nf6 23.Na2 Nxa2 24.Rxa2 e5 25.Qc3
exd4 26.exd4 h6 27.axb6 Rxb6 $11 {Pigusov,E-Liang,J/ Beijing 1997/Inf 70 
(27)} ) 15...h6 16.Bxf6 Bxf6 17.Rd1 g6 18.h4 Qe7 19.e4 Rfd8 20.Qc1 Bg7 21.
Rd2 Be8 22.Qd1 Rd7 {1/2-1/2 Maksimenko,A-Kruppa,Y/ Ordzhonikidze UKR 
2000/The Week in Chess 295 (22)} ) 13...Nxd4 14.Nxd4 Bxg2 15.Nxe6 fxe6 16.
Kxg2 Nd5 ( 16...Qd5+ 17.Nf3 c5 18.Rd1 ( 18.a5 $5 $14 ) 18...Qc6 19.Qc2 {
1-0 Tkachiev,V-Piket,J/Cannes 2000/CBM 77/[Ribli] (65)} ) ( 16...c5 17.a5 
$5 Qd5+ 18.Nf3 Rad8 19.Qc2 Qc6 20.Qa4 Qxa4 21.Rxa4 Rd5 22.Rc1 h6 23.Be3 {
1-0 Kaidanov,G-Bauer,C/New York USA 2000/The Week in Chess 288 (49)} ) 17.
Bxe7 Qxe7 18.Nf3 Qf6 19.Ra3 Rad8 20.Qc2 Rd6 21.Rb3 {1-0 Bauer, 
C-Bellini,F/Mondariz ESP 2000/The Week in Chess 305 (34)} ) ( 12...Nbd7 
13.Nc3 Bc6 14.Qc2 Bb4 15.Rfe1 Bxf3 16.Bxf3 c6 17.Red1 Qa5 18.Bf4 ( 18.Na2 
Bd6 19.Bd2 Qc7 20.Bg2 a5 21.Rac1 Rfd8 22.h3 Bf8 23.e4 e5 24.Be3 exd4 25.
Bxd4 h5 26.Qc3 Re8 27.Re1 Nh7 28.e5 Ng5 29.f4 Ne6 {1/2-1/2 
Tkachiev,V-Almasi,Z/ Senec 1998/EXT 99 (73)} ) 18...e5 19.dxe5 Nxe5 20.Bg2
Rad8 21.Na2 Rxd1+ 22.Rxd1 Re8 23.Nxb4 Qxb4 24.Bd2 Qc4 25.Qxc4 Nxc4 26.Bc3 
{1-0 Filippov,V-Gutov, A/Omsk/Perm 1998/EXT 2000 (49)} ) 13.Bxf6 Bxf6 14.
Nc3 Bxf3 15.Bxf3 c6 {Schwarz hat eine sehr solide Stellung erreicht. Es 
trifft zu, dass Weisst Raumvorteil hat, aber das Feld b4 stellt eine 
positionelle Schwäche dar.} 16.e3 ( 16.Rd1 a5 {[%cal Gb8a6,Ga6b4]} 17.Ne4 
( 17.e4 $2 Bxd4 18.Ne2 e5 $17 ) 17...Na6 $11 ) 16...a5 {[%csl Yb4][%cal 
Gb8a6,Ga6b4] Schwarz bereitet das typische SpringermanssÖ®pß ver Na6-b4 
vor.} 17.h4 {Auch das ist ein für diese Variante typishes Motiv - Weiss 
gewinnt Raum am Kssm nigsflügel.} 17...Na6 $11 {Schwarz hat eine bequeme 
Stellung erreicht - er kann das Feld b4 besetzen.} 18.h5 Qe7 ( 18...e5 $6 
19.d5 $14 ) 19.Rd1 Rfd8 20.Qc2 ( 20.Ne4 Nb4 $11 ) 20...Nb4 21.Qb3 Rac8 ( 
21...Rd7 $11 {[%cal Ga8d8]} ) 22.Rac1 c5 23.dxc5 ( 23.d5 $6 c4 24.Qa3 exd5
( 24...Bxc3 25.bxc3 Qf6 $1 ( 25...Nxd5 $6 26.Qxe7 Nxe7 27.Bxb7 $14 ) 26.
dxe6 ( 26.Be2 Nxd5 $17 ) ( 26.cxb4 Qxf3 $17 ) 26...Nd3 $17 ) 25.Nxd5 Nxd5 
26.Rxd5 Qxa3 27.bxa3 b6 $15 ) 23...Rxd1+ ( 23...Rxc5 24.Rxd8+ Qxd8 25.Bxb7
$14 Nd3 26.Rd1 $18 {[%csl Rd3][%cal Rd1d8]} ) 24.Qxd1 Rxc5 25.Ne4 Rc7 {
Natürlich tauscht Schwarz nicht von sich aus die Türme.} ( 25...Rxc1 26.
Qxc1 $14 {[%cal Gc1c8]} ) 26.b3 b6 27.Be2 ( 27.Rxc7 Qxc7 28.Nxf6+ gxf6 $11
{Die schwarze Bauernstruktur am Kssernstruktur nigsflügel wirkt sich nicht 
nachteilig aus.} ) 27...Rxc1 28.Qxc1 Qd8 29.Qc4 Be7 30.Qb5 Nd5 31.Bc4 Bb4 
{[%cal Rf7f5,Rf5e4] Schwarz beraubt den Ne4 des Feldes c3 und droht 
32...f5 mit Springerfang.} 32.g4 ( 32.Bxd5 $4 exd5 $19 {[%csl Re4]} ) 
32...Nf6 33.Nxf6+ ( 33.Nxf6+ gxf6 $11 ) 1/2-1/2